Los descubrimientos científicos contemporáneos

Saved in:
Bibliografiske detaljer
Hovedforfatter: Claessens, Michel (Author)
Format: Bog
Sprog:spansk
Udgivet: Barcelona Gedisa 1989
Serier:Extensión Científica. Límites de la ciencia, 3
Fag:
Tags: Tilføj Tag
Ingen Tags, Vær først til at tagge denne postø!

MARC

LEADER 00000nam a2200000 a 4500
001 UCX1620
003 CL-VaPUC
008 901004e19890000SP |||||||||||||||||spa|d
082 0 4 |a 500  |b CLA  |2 21 
100 0 |a Claessens, Michel  |e author  |9 317178 
245 1 4 |a Los descubrimientos científicos contemporáneos 
300 |a 225 p 
942 |c BK 
945 |d 19901004 00:00:00 
260 |a Barcelona  |b Gedisa  |c 1989 
650 7 |a CIENCIA SIGLO 20  |2 CL-VaPUC  |9 317179 
583 |a last modification  |c 19901004 00:00:00  |k Rodrigo Vera 
490 0 |a Extensión Científica. Límites de la ciencia, 3 
999 |c 222810  |d 222808 
952 |0 0  |1 0  |4 0  |6 500_000000000000000_CLA_1989  |7 0  |8 A  |9 218043  |a BIBCUR  |b BIBCUR  |d 2019-11-15  |i 2868954  |o 500 CLA 1989  |p 2868954  |r 2025-04-22  |w 2019-11-15  |y BK  |k FIS